Políticas locales de juventud : criterios, herramientas y recursos / autor del estudio: Pep Montes i Sala criterios, herramientas y recursos / autor del estudio:
ISBN:
978-84-9803-355-7
Publicado:
Barcelona :
Diputació de Barcelona. Àrea d'Igualtat i Ciutadania. Oficina del Pla Jove ,
2009
Descripción Física:
355 p. ; 24 cm
Colección:
Estudios. Igualdad y Ciudadanía ; 4
Materias:
Catalunya -- Política de la joventut
MARC
| LEADER | 00000nam a2200000Ia 4500 | ||
|---|---|---|---|
| 001 | 22232 | ||
| 008 | 160829s2009 xx 000 0 cat d | ||
| 020 | |a 978-84-9803-355-7 | ||
| 080 | |a S-1-302 | ||
| 100 | |a Montes i Sala, Pep |9 39759 | ||
| 245 | |a Políticas locales de juventud : |b criterios, herramientas y recursos / autor del estudio: |b Pep Montes i Sala | ||
| 260 | |a Barcelona : |b Diputació de Barcelona. Àrea d'Igualtat i Ciutadania. Oficina del Pla Jove, |c 2009 | ||
| 300 | |a 355 p. ; |c 24 cm | ||
| 490 | |a Estudios. Igualdad y Ciudadanía ; 4 | ||
| 590 | |a Hi ha un exemplar en català amb R. 20786 | ||
| 651 | 0 | |a Catalunya |x Política de la joventut |9 56245 | |
| 710 | 1 | |a Barcelona (Catalunya : Província). |b Oficina del Pla Jove |9 52707 | |
| 901 | |a Arxiu | ||
| 942 | |n 1 | ||
| 952 | |0 0 |1 0 |4 0 |6 S1302 |7 1 |9 52880 |a Arxiu |b Arxiu |d 2016-12-01 |l 0 |o S-1-302 |p 22232 |r 2016-12-01 00:00:00 |w 2016-12-01 |y ARXIU | ||
| 999 | |c 56729 |d 56729 | ||